[Event "SVK-ch U20"]
[Site "Trencin"]
[Date "2009.07.03"]
[Round "8"]
[White "Jurcik, Martin"]
[Black "Justus, Ivan"]
[Result "1-0"]
[WhiteElo "2331"]
[BlackElo "2202"]
[PlyCount "147"]
[EventDate "2009.06.28"]
[EventType "tourn"]
[EventRounds "9"]
[EventCountry "SVK"]
[EventCategory "2"]
[SourceTitle "CBM 131 Extra"]
[Source "ChessBase"]
[SourceDate "2009.09.03"]
[SourceVersion "2"]
[SourceVersionDate "2009.09.16"]
[SourceQuality "1"]

1. e4 c5 2. Nf3 Nc6 3. d4 cxd4 4. Nxd4 Nf6 5. Nc3 e5 6. Ndb5 d6 7. Bg5 a6 8. Na3 b5 9. Nd5 Be7 10. Bxf6 Bxf6 11. c4 b4 12. Nc2 a5 13. Be2 Bg5 14. 0-0 0-0 15. Qd3 Be6 16. Rad1 Ra7 17. b3 Rd7 18. Bf3 Qb8 19. Qe2 Qa7 20. Rd3 Nd4 21. Nxd4 exd4 22. Bg4 Rdd8 23. Bxe6 fxe6 24. Qg4 exd5 25. Qxg5 dxe4 26. Qd5+ Kh8 27. Rxd4 h6 28. Rxe4 a4 29. Qd4 Qc5 30. Rd1 axb3 31. axb3 Ra8 32. Qxc5 dxc5 33. Kf1 Ra3 34. Re3 Ra2 35. Re2 Ra3 36. Rd3 Ra1+ 37. Re1 Ra2 38. f3 Rfa8 39. Re2 Rxe2 40. Kxe2 Ra2+ 41. Rd2 Ra3 42. Rb2 Kg8 43. Kd3 Kf7 44. Ke4 Ke6 45. f4 Ra1 46. f5+ Kd6 47. Kf4 Rd1 48. Re2 Rd3 49. Re3 Rd4+ 50. Kf3 Rd2 51. h3 Kd7 52. g3 Rc2 53. Kf4 Rc1 54. g4 Rc2 55. Kg3 Rc3 56. Kf3 Rc1 57. h4 Rh1 58. Kg3 Rg1+ 59. Kf4 Rh1 60. h5 Rc1 61. Ke4 Kc6 62. Rg3 Re1+ 63. Re3 Rg1 64. Kf4 Rf1+ 65. Rf3 Rg1 66. Rd3 Rf1+ 67. Rf3 Rg1 68. Rg3 Rf1+ 69. Ke4 Re1+ 70. Kd3 Rb1 71. Kc2 Rh1 72. Rg2 Rh3 73. g5 Rxh5 74. f6 1-0

[Event "SVK-ch U20"]
[Site "Trencin"]
[Date "2009.07.02"]
[Round "6"]
[White "Varga, David"]
[Black "Justus, Ivan"]
[Result "1/2-1/2"]
[WhiteElo "2263"]
[BlackElo "2202"]
[PlyCount "237"]
[EventDate "2009.06.28"]
[EventType "tourn"]
[EventRounds "9"]
[EventCountry "SVK"]
[EventCategory "2"]
[SourceTitle "CBM 131 Extra"]
[Source "ChessBase"]
[SourceDate "2009.09.03"]
[SourceVersion "2"]
[SourceVersionDate "2009.09.16"]
[SourceQuality "1"]

1. e4 c5 2. Nf3 Nc6 3. d4 cxd4 4. Nxd4 Nf6 5. Nc3 e5 6. Ndb5 d6 7. Bg5 a6 8. Na3 b5 9. Nd5 Be7 10. Bxf6 Bxf6 11. c3 0-0 12. Nc2 Bg5 13. a4 bxa4 14. Rxa4 a5 15. Bc4 Rb8 16. b3 Kh8 17. 0-0 f5 18. exf5 Bxf5 19. Nde3 Bg6 20. Qd5 Qc7 21. g3 Bh5 22. f4 Bf7 23. Qf3 exf4 24. gxf4 Bxc4 25. Rxc4 Rbc8 26. Nd5 Qb7 27. Qd3 Bd8 28. b4 Bb6+ 29. Nxb6 Qxb6+ 30. Qe3 Qb5 31. Na3 Qd5 32. b5 Rce8 33. Qf2 Ne5 34. Rc7 Rf6 35. f5 Rg8 36. Qg2 Qb3 37. Nc2 Qxb5 38. Nd4 Qb6 39. Rb7 Qc5 40. Kh1 Qxc3 41. Rg1 Rf7 42. Ne2 Qd3 43. Rxf7 Nxf7 44. f6 Qg6 45. Qxg6 hxg6 46. Rxg6 gxf6 47. Rxf6 Kg7 48. Rf4 Ra8 49. Nc3 Rc8 50. Nb5 Rc5 51. Nd4 Re5 52. Kg2 Kg6 53. Nf3 Re2+ 54. Kg3 Ne5 55. Nh4+ Kg5 56. Rf5+ Kh6 57. Rf6+ Kg5 58. Rf5+ Kh6 59. Rf6+ Kg7 60. Rxd6 a4 61. Ra6 Ra2 62. Nf5+ Kf7 63. h4 Ra1 64. Nd4 Nc4 65. h5 a3 66. h6 Rd1 67. Ra7+ Kg8 68. Nf5 Nd6 69. Nh4 Rg1+ 70. Kf4 a2 71. Rxa2 Kh7 72. Ra7+ Kxh6 73. Ra6 Rf1+ 74. Kg4 Rg1+ 75. Kh3 Rd1 76. Nf5+ Kg5 77. Nxd6 Rd3+ 78. Kg2 Kf4 79. Ra4+ Ke5 80. Nc4+ Kd5 81. Kf2 Kc5 82. Ne3 Rb3 83. Rc4+ Kd6 84. Kf3 Rb5 85. Ke4 Re5+ 86. Kf4 Rb5 87. Rd4+ Ke6 88. Nc4 Rb4 89. Rd6+ Ke7 90. Rc6 Kd7 91. Rc5 Rb1 92. Nd2 Re1 93. Ne4 Rh1 94. Kf5 Rh5+ 95. Ng5 Kd6 96. Ra5 Rh1 97. Nf7+ Kc6 98. Ke6 Rd1 99. Ne5+ Kb6 100. Nc4+ Kc6 101. Re5 Rd4 102. Na5+ Kb6 103. Nb3 Rd3 104. Nc5 Rd1 105. Nd7+ Ka6 106. Rc5 Rb1 107. Kd6 Rb5 108. Rc1 Rh5 109. Rb1 Rb5 110. Ra1+ Ra5 111. Rb1 Rb5 112. Nb8+ Kb6 113. Rd1 Rh5 114. Nd7+ Kb5 115. Ne5 Rh6+ 116. Kd5 Rh4 117. Rc1 Rf4 118. Rc5+ Ka4 119. Rc4+ 1/2-1/2

[Event "SVK-ch U20"]
[Site "Trencin"]
[Date "2009.07.01"]
[Round "5"]
[White "Justus, Ivan"]
[Black "Farkas, Gabor"]
[Result "0-1"]
[WhiteElo "2202"]
[BlackElo "2268"]
[PlyCount "108"]
[EventDate "2009.06.28"]
[EventType "tourn"]
[EventRounds "9"]
[EventCountry "SVK"]
[EventCategory "2"]
[SourceTitle "CBM 131 Extra"]
[Source "ChessBase"]
[SourceDate "2009.09.03"]
[SourceVersion "2"]
[SourceVersionDate "2009.09.16"]
[SourceQuality "1"]

1. e4 c5 2. Nf3 Nc6 3. d4 cxd4 4. Nxd4 g6 5. Nc3 Bg7 6. Be3 Nf6 7. Bc4 0-0 8. Bb3 d6 9. f3 Bd7 10. Qd2 Nxd4 11. Bxd4 b5 12. 0-0-0 a5 13. a4 b4 14. Nd5 Nxd5 15. Bxg7 Kxg7 16. Bxd5 Rc8 17. b3 Qc7 18. Kb2 Rfd8 19. Ra1 e6 20. Bc4 d5 21. exd5 Qe5+ 22. Kb1 Bc6 23. Qe1 Qxe1+ 24. Rxe1 Bxd5 25. Bf1 Rc3 26. Kb2 Bxb3 27. cxb3 Rd2+ 28. Kb1 Rxb3+ 29. Kc1 Rbb2 30. h3 b3 31. Bd3 Rxg2 32. Rb1 Ra2 33. Rxb3 Ra1+ 34. Rb1 Rxa4 35. Be2 Rh2 36. Kd2 Rxh3 37. Ke3 Rh5 38. Ra1 Re5+ 39. Kf2 Rxa1 40. Rxa1 h5 41. Bd3 f5 42. f4 Rc5 43. Kf3 e5 44. fxe5 Rxe5 45. Rb1 Rd5 46. Be2 Rc5 47. Kf4 Kh6 48. Rb6 Rd5 49. Bb5 Rd4+ 50. Kf3 Rb4 51. Rb7 a4 52. Bc6 Rxb7 53. Bxb7 a3 54. Bd5 g5 0-1

[Event "SVK-ch U20"]
[Site "Trencin"]
[Date "2009.06.28"]
[Round "1"]
[White "Justus, Ivan"]
[Black "Petenyi, Tamas"]
[Result "0-1"]
[WhiteElo "2202"]
[BlackElo "2293"]
[PlyCount "76"]
[EventDate "2009.06.28"]
[EventType "tourn"]
[EventRounds "9"]
[EventCountry "SVK"]
[EventCategory "2"]
[SourceTitle "CBM 131 Extra"]
[Source "ChessBase"]
[SourceDate "2009.09.03"]
[SourceVersion "2"]
[SourceVersionDate "2009.09.16"]
[SourceQuality "1"]

1. e4 c5 2. Nf3 d6 3. d4 cxd4 4. Nxd4 Nf6 5. Nc3 a6 6. f3 e5 7. Nb3 Be6 8. Be3 Be7 9. Qd2 0-0 10. 0-0-0 Nbd7 11. g4 b5 12. g5 b4 13. Ne2 Ne8 14. f4 a5 15. Kb1 a4 16. Nbc1 exf4 17. Bxf4 a3 18. b3 Nc5 19. Qe3 f6 20. Bg2 fxg5 21. Bxd6 Nxd6 22. Qxc5 Qa5 23. Qxa5 Rxa5 24. Nd3 Nb5 25. c4 bxc3 26. Rc1 Bf6 27. Rhe1 Rc8 28. Nb4 Bg4 29. Nd5 Bxe2 30. Rxe2 Nd4 31. Nxf6+ gxf6 32. Re3 Rac5 33. Bf1 c2+ 34. Ka1 Rc3 35. Ree1 h5 36. Bc4+ Kg7 37. Rf1 R8xc4 38. bxc4 Ne2 0-1

[Event "SVK-chT1W 0809"]
[Site "Slovakia"]
[Date "2009.01.11"]
[Round "7.4"]
[White "Nicolini, Alexander"]
[Black "Justus, Ivan"]
[Result "1-0"]
[WhiteElo "2181"]
[BlackElo "2174"]
[PlyCount "99"]
[EventDate "2008.10.18"]
[EventType "team-tourn"]
[EventRounds "11"]
[EventCountry "SVK"]
[SourceTitle "EXT 2010"]
[Source "ChessBase"]
[SourceDate "2010.11.25"]
[SourceVersion "1"]
[SourceVersionDate "2010.11.25"]
[SourceQuality "1"]
[WhiteTeam "Trnava Lokomotiva"]
[BlackTeam "Nitra NSK II"]
[WhiteTeamCountry "SVK"]
[BlackTeamCountry "SVK"]

1. e4 c5 2. Nf3 Nc6 3. c3 d5 4. exd5 Qxd5 5. d4 Bg4 6. Be2 e6 7. h3 Bh5 8. 0-0 Nf6 9. Na3 cxd4 10. Nb5 Qd7 11. Nfxd4 Bxe2 12. Qxe2 Nxd4 13. Nxd4 Bc5 14. Rd1 0-0 15. Bg5 Nd5 16. c4 Nb6 17. Qg4 f5 18. Qh4 Qe8 19. Nb3 Rc8 20. Nxc5 Rxc5 21. b3 Rc7 22. Rd8 Qf7 23. Rad1 Rc8 24. Be3 Rcxd8 25. Rxd8 Nc8 26. Qd4 f4 27. Rxf8+ Qxf8 28. Bxf4 Qe7 29. Be5 Kf8 30. Bxg7+ Qxg7 31. Qd8+ Kf7 32. Qxc8 Qa1+ 33. Kh2 Qe5+ 34. g3 Qe4 35. Qc5 a6 36. Qe3 Qc2 37. Kg2 Ke7 38. Qf3 Qxa2 39. Qxb7+ Kd6 40. Qb6+ Ke5 41. Qe3+ Kd6 42. Qd4+ Kc6 43. Qe4+ Kd6 44. b4 Qb2 45. c5+ Kd7 46. Qxh7+ Kc6 47. Qe4+ Kd7 48. h4 Kc7 49. h5 Qf6 50. Qf4+ 1-0

[Event "SVK-chT1W 0809"]
[Site "Slovakia"]
[Date "2008.12.13"]
[Round "5.3"]
[White "Justus, Ivan"]
[Black "Blaho, Stefan"]
[Result "1-0"]
[WhiteElo "2174"]
[BlackElo "2139"]
[PlyCount "51"]
[EventDate "2008.10.18"]
[EventType "team-tourn"]
[EventRounds "11"]
[EventCountry "SVK"]
[SourceTitle "EXT 2010"]
[Source "ChessBase"]
[SourceDate "2010.11.25"]
[SourceVersion "1"]
[SourceVersionDate "2010.11.25"]
[SourceQuality "1"]
[WhiteTeam "Nitra NSK II"]
[BlackTeam "Nove Zamky Basta"]
[WhiteTeamCountry "SVK"]
[BlackTeamCountry "SVK"]

1. e4 c5 2. Nf3 d6 3. d4 cxd4 4. Nxd4 Nf6 5. Nc3 g6 6. Be3 Bg7 7. f3 0-0 8. Bc4 Nc6 9. Qd2 Bd7 10. 0-0-0 Qa5 11. Nb3 Qc7 12. Bh6 Ne5 13. Be2 Be6 14. h4 Rfc8 15. Bxg7 Kxg7 16. h5 a5 17. hxg6 fxg6 18. Nd4 Bg8 19. Nd5 Qd8 20. Qh6+ Kh8 21. Ne6 Rxc2+ 22. Kb1 Bxe6 23. Nxf6 Bxa2+ 24. Kxa2 Rxb2+ 25. Kxb2 Qb6+ 26. Ka1 1-0

[Event "SVK-chT2B 0809"]
[Site "Slovakia"]
[Date "2008.10.11"]
[Round "1.1"]
[White "Berek, Geza"]
[Black "Justus, Ivan"]
[Result "1-0"]
[WhiteElo "2258"]
[BlackElo "2174"]
[PlyCount "101"]
[EventDate "2008.10.11"]
[EventType "team-tourn"]
[EventRounds "11"]
[EventCountry "SVK"]
[SourceTitle "EXT 2010"]
[Source "ChessBase"]
[SourceDate "2010.11.25"]
[SourceVersion "1"]
[SourceVersionDate "2010.11.25"]
[SourceQuality "1"]
[WhiteTeam "Batorove Kosihy"]
[BlackTeam "Nitra NSK III"]
[WhiteTeamCountry "SVK"]
[BlackTeamCountry "SVK"]

1. e4 c5 2. Nf3 Nc6 3. d4 cxd4 4. Nxd4 Nf6 5. Nc3 e5 6. Ndb5 d6 7. Bg5 a6 8. Na3 b5 9. Bxf6 gxf6 10. Nd5 Bg7 11. Bd3 Ne7 12. Nxe7 Qxe7 13. c4 f5 14. 0-0 0-0 15. Qf3 d5 16. cxd5 fxe4 17. Bxe4 Rb8 18. Rad1 Qd7 19. d6 Rb6 20. Qc3 Rd8 21. Qc5 Rxd6 22. Bf5 Qxf5 23. Rxd6 Rxd6 24. Qxd6 Bf8 25. Qc6 Be6 26. Nc2 Bxa2 27. Ne3 Qe6 28. Qxe6 Bxe6 29. Ra1 Bc8 30. Rc1 Be6 31. Rc6 a5 32. Rb6 Bd7 33. Nd5 Kg7 34. Nf6 Be6 35. Ne8+ Kg6 36. Nc7 Bc5 37. Rxb5 Bd4 38. Nxe6 fxe6 39. Kf1 Kf5 40. Ke2 Ke4 41. f3+ Kf4 42. g3+ Kf5 43. f4 Ke4 44. fxe5 h6 45. b3 Bc3 46. Rc5 Bb4 47. Rc4+ Kxe5 48. Rh4 Bf8 49. Rh5+ Kd4 50. Rxa5 Kc3 51. Rb5 1-0

[Event "Tatry op"]
[Site "Tatranske Zruby"]
[Date "2008.10.04"]
[Round "9"]
[White "Justus, Ivan"]
[Black "Motuz, Karol"]
[Result "0-1"]
[WhiteElo "2161"]
[BlackElo "2339"]
[PlyCount "66"]
[EventDate "2008.09.27"]
[EventType "swiss"]
[EventRounds "9"]
[EventCountry "SVK"]
[SourceTitle "CBM 126 Extra"]
[Source "ChessBase"]
[SourceDate "2008.11.05"]
[SourceVersion "1"]
[SourceVersionDate "2008.11.05"]
[SourceQuality "1"]

1. e4 c5 2. Nf3 g6 3. d4 cxd4 4. Nxd4 Bg7 5. Nc3 Nc6 6. Be3 Nf6 7. Bc4 0-0 8. Bb3 a5 9. Ndb5 a4 10. Nxa4 Qa5+ 11. Nbc3 Nxe4 12. Qd3 Nxc3 13. Nxc3 d5 14. Bd2 d4 15. Ne2 Qc7 16. Ng3 b6 17. f4 Ba6 18. Qe4 Na5 19. Bxa5 bxa5 20. Ne2 a4 21. Bd5 Rab8 22. 0-0 e6 23. Bxe6 Qb6 24. Bxf7+ Rxf7 25. Kh1 Qxb2 26. Rae1 Bxe2 27. Rxe2 Qxa2 28. h4 Qc4 29. h5 a3 30. hxg6 hxg6 31. Rfe1 a2 32. Kh2 Qa6 33. Qd5 Qxe2 0-1

[Event "Tatry op"]
[Site "Tatranske Zruby"]
[Date "2008.10.02"]
[Round "7"]
[White "Justus, Ivan"]
[Black "Zadrapa, Radek"]
[Result "1-0"]
[WhiteElo "2161"]
[BlackElo "2075"]
[PlyCount "53"]
[EventDate "2008.09.27"]
[EventType "swiss"]
[EventRounds "9"]
[EventCountry "SVK"]
[SourceTitle "CBM 126 Extra"]
[Source "ChessBase"]
[SourceDate "2008.11.05"]
[SourceVersion "1"]
[SourceVersionDate "2008.11.05"]
[SourceQuality "1"]

1. e4 d6 2. d4 Nf6 3. Nc3 c6 4. f3 g6 5. Be3 Bg7 6. Qd2 b5 7. Bh6 0-0 8. 0-0-0 b4 9. Nce2 Bxh6 10. Qxh6 Qa5 11. Kb1 Be6 12. Nc1 Nbd7 13. Nge2 Qb6 14. Nf4 Rfc8 15. h4 Nf8 16. h5 Bd7 17. g4 Be8 18. g5 N6d7 19. Bc4 d5 20. exd5 cxd5 21. Bxd5 e6 22. hxg6 exd5 23. Nxd5 Qe6 24. Nf6+ Nxf6 25. gxf6 Qxf6 26. gxh7+ Nxh7 27. Rdg1+ 1-0

[Event "SVK-ch U20"]
[Site "Trencin"]
[Date "2008.07.04"]
[Round "8"]
[White "Justus, Ivan"]
[Black "Sremanak, Slavomir"]
[Result "1-0"]
[WhiteElo "2161"]
[BlackElo "2158"]
[PlyCount "99"]
[EventDate "2008.06.29"]
[EventType "tourn"]
[EventRounds "9"]
[EventCountry "SVK"]
[SourceTitle "CBM 125 Extra"]
[Source "ChessBase"]
[SourceDate "2008.09.01"]
[SourceVersion "1"]
[SourceVersionDate "2008.09.01"]
[SourceQuality "1"]

1. e4 e6 2. d4 b6 3. Bd3 Bb7 4. Nf3 c5 5. c3 d6 6. 0-0 Nd7 7. Qe2 Be7 8. a3 Ngf6 9. e5 dxe5 10. Nxe5 cxd4 11. cxd4 0-0 12. Nc3 Nd5 13. Ne4 Rc8 14. Bd2 f5 15. Nc3 Nxe5 16. dxe5 Bc5 17. Kh1 Bd4 18. Nb5 Bxb2 19. Rab1 Bc3 20. Nd6 Bxd2 21. Qxd2 Rc7 22. Rfc1 Ba8 23. Rxc7 Qxc7 24. Rc1 Qe7 25. Rc4 h6 26. Kg1 Nf6 27. Qc2 Ng4 28. f4 Ne3 29. Rc7 Qd8 30. Qc1 Nd5 31. Rxa7 b5 32. Ra6 Qb8 33. Nxb5 g5 34. Rxe6 Nxf4 35. Rd6 Rc8 36. Bc4+ Kh8 37. e6 Qxb5 38. Qa1+ Kh7 39. Bxb5 Rc2 40. Rd7+ Kg6 41. Rg7+ Kh5 42. Be8+ Kg4 43. h3+ Nxh3+ 44. gxh3+ Kxh3 45. Qf1+ Rg2+ 46. Qxg2+ Bxg2 47. e7 Kg3 48. Bb5 f4 49. e8Q g4 50. Qh5 1-0

[Event "SVK-ch U20"]
[Site "Trencin"]
[Date "2008.07.03"]
[Round "6"]
[White "Jurcik, Martin"]
[Black "Justus, Ivan"]
[Result "1-0"]
[WhiteElo "2321"]
[BlackElo "2161"]
[PlyCount "115"]
[EventDate "2008.06.29"]
[EventType "tourn"]
[EventRounds "9"]
[EventCountry "SVK"]
[SourceTitle "CBM 125 Extra"]
[Source "ChessBase"]
[SourceDate "2008.09.01"]
[SourceVersion "1"]
[SourceVersionDate "2008.09.01"]
[SourceQuality "1"]

1. e4 c5 2. Nf3 Nc6 3. Nc3 e5 4. Bc4 Be7 5. d3 d6 6. Nd2 Bg5 7. Nf1 Bxc1 8. Qxc1 Be6 9. Ne3 Nf6 10. 0-0 a6 11. a4 Qd7 12. f4 exf4 13. Rxf4 Nd4 14. Qd1 Qe7 15. Ncd5 Bxd5 16. Nxd5 Nxd5 17. Bxd5 Ne6 18. Rf2 0-0 19. c3 Rab8 20. a5 g6 21. Qb3 Kg7 22. Raf1 Nd8 23. Qb6 Ne6 24. h3 f6 25. Bxe6 Qxe6 26. Qc7+ Qf7 27. Qxd6 Rbd8 28. Qxc5 Rxd3 29. Qb6 Qe7 30. e5 f5 31. Rf4 Qxe5 32. Qxb7+ Rf7 33. Qxa6 Qe3+ 34. R4f2 Rd2 35. Qb6 Qxb6 36. axb6 Rd6 37. b4 Rxb6 38. Rb1 Rc7 39. Rb3 Kf6 40. Rd2 Ke5 41. Kf2 Rc4 42. Ke2 Ke4 43. Rd3 f4 44. Kd2 g5 45. Rb1 h5 46. Re1+ Kf5 47. Rd5+ Kg6 48. Ree5 Rbc6 49. Rxg5+ Kf6 50. Rxh5 Rxc3 51. Rh6+ Ke7 52. Rxc6 Rxc6 53. Ke2 Rc4 54. Rb5 Rc3 55. Rf5 Rc4 56. Kf3 Rxb4 57. Rxf4 Rb3+ 58. Ke4 1-0

[Event "SVK-ch U20"]
[Site "Trencin"]
[Date "2008.07.01"]
[Round "3"]
[White "Justus, Ivan"]
[Black "Pacher, Milan"]
[Result "0-1"]
[WhiteElo "2161"]
[BlackElo "2324"]
[PlyCount "51"]
[EventDate "2008.06.29"]
[EventType "tourn"]
[EventRounds "9"]
[EventCountry "SVK"]
[SourceTitle "CBM 125 Extra"]
[Source "ChessBase"]
[SourceDate "2008.09.01"]
[SourceVersion "1"]
[SourceVersionDate "2008.09.01"]
[SourceQuality "1"]

1. e4 c6 2. d4 d5 3. e5 Bf5 4. Nc3 e6 5. g4 Bg6 6. Nge2 f6 7. Nf4 fxe5 8. Nxe6 Qe7 9. Nxf8 exd4+ 10. Be2 dxc3 11. Nxg6 hxg6 12. Qd3 Nf6 13. Qxg6+ Kf8 14. bxc3 Nbd7 15. Be3 Kg8 16. Qd3 Re8 17. 0-0 Qe5 18. h3 Rxh3 19. Bf4 Qxf4 20. Qxh3 Rxe2 21. Rae1 Rxc2 22. Re7 Ne5 23. g5 Qxg5+ 24. Kh1 Neg4 25. f4 Qg6 26. Qh4 0-1

[Event "Tatry op"]
[Site "Tatranske Zruby"]
[Date "2007.09.25"]
[Round "5"]
[White "Frink, Ferenc"]
[Black "Justus, Ivan"]
[Result "1-0"]
[WhiteElo "2172"]
[BlackElo "2105"]
[PlyCount "93"]
[EventDate "2007.09.22"]
[EventType "swiss"]
[EventRounds "9"]
[EventCountry "SVK"]
[SourceTitle "CBM 120 Extra"]
[Source "ChessBase"]
[SourceDate "2007.11.01"]
[SourceVersion "1"]
[SourceVersionDate "2007.11.01"]
[SourceQuality "1"]

1. e4 c5 2. b4 cxb4 3. a3 d5 4. e5 Nc6 5. d4 Bf5 6. axb4 Nxb4 7. Bb5+ Nc6 8. c3 e6 9. Ne2 a6 10. Bd3 Bxd3 11. Qxd3 Nge7 12. 0-0 Nf5 13. h3 Be7 14. Nd2 0-0 15. f4 h5 16. g4 Nh6 17. gxh5 f5 18. Nf3 Nf7 19. Kh2 Na5 20. Rg1 Nb3 21. Ra2 Nxc1 22. Nxc1 Re8 23. Nb3 Qc8 24. Rag2 Bf8 25. Nh4 Nh8 26. Qg3 Re7 27. Ng6 Rf7 28. h6 Nxg6 29. Qxg6 Qe8 30. hxg7 Rxg7 31. Qh6 Qf7 32. Nc5 Re8 33. h4 a5 34. h5 b6 35. Nxe6 Rxe6 36. Rxg7+ Bxg7 37. Rxg7+ Qxg7 38. Qxe6+ Kf8 39. Qxf5+ Ke8 40. Qc8+ Ke7 41. Qc7+ Kf8 42. Qd8+ Kf7 43. Qxd5+ Kf8 44. Qd8+ Kf7 45. Qd7+ Kf8 46. Qxg7+ Kxg7 47. e6 1-0

[Event "Tatry op"]
[Site "Tatranske Zruby"]
[Date "2007.09.23"]
[Round "3"]
[White "Belunek, Vladimir"]
[Black "Justus, Ivan"]
[Result "1-0"]
[WhiteElo "2288"]
[BlackElo "2105"]
[PlyCount "120"]
[EventDate "2007.09.22"]
[EventType "swiss"]
[EventRounds "9"]
[EventCountry "SVK"]
[SourceTitle "CBM 120 Extra"]
[Source "ChessBase"]
[SourceDate "2007.11.01"]
[SourceVersion "1"]
[SourceVersionDate "2007.11.01"]
[SourceQuality "1"]

1. d4 Nf6 2. c4 g6 3. Nc3 Bg7 4. e4 d6 5. f3 0-0 6. Be3 Nc6 7. Qd2 e5 8. d5 Nd4 9. Nge2 Nxe2 10. Bxe2 Bd7 11. g4 Ne8 12. h4 f5 13. h5 f4 14. Bf2 Rf7 15. c5 dxc5 16. Bxc5 Nd6 17. hxg6 hxg6 18. 0-0-0 b6 19. Bxd6 cxd6 20. Ba6 Bc8 21. Qd3 Bxa6 22. Qxa6 Qc8 23. Qxc8+ Rxc8 24. Kd2 a6 25. a4 Rc4 26. b3 Rd4+ 27. Kc2 Rc7 28. Rd3 Bf6 29. Kd2 Rxd3+ 30. Kxd3 Rh7 31. Rxh7 Kxh7 32. Na2 Kh6 33. Ke2 Kg5 34. Kf2 Kh4 35. Kg2 Bg5 36. Nb4 a5 37. Nc6 Bf6 38. Nb8 Bd8 39. Nd7 Kg5 40. Nf8 Be7 41. Ne6+ Kh4 42. Kh2 Bg5 43. Nf8 Bf6 44. Nxg6+ Kg5 45. Nf8 Be7 46. Ne6+ Kg6 47. Kh3 Kh6 48. Kg2 Kg6 49. Kf1 Bh4 50. Ke2 Kh6 51. Kd3 Be1 52. Kc4 Bb4 53. Kb5 Kg6 54. Kxb6 Kh6 55. Kc6 Kg6 56. Kd7 Kf6 57. Ke8 Bd2 58. Kf8 Bb4 59. Ng7 Bc5 60. Nf5 Be3 1-0

[Event "SVK-ch op-A"]
[Site "Banska Stiavnica"]
[Date "2007.07.12"]
[Round "6.49"]
[White "Justus, Ivan"]
[Black "Nagy, Ervin"]
[Result "1/2-1/2"]
[WhiteElo "2105"]
[BlackElo "1988"]
[PlyCount "24"]
[EventDate "2007.07.07"]
[EventType "swiss"]
[EventRounds "9"]
[EventCountry "SVK"]
[SourceTitle "EXT 2010"]
[Source "ChessBase"]
[SourceDate "2010.11.25"]
[SourceVersion "1"]
[SourceVersionDate "2010.11.25"]
[SourceQuality "1"]

1. e4 e5 2. Nf3 Nc6 3. Bb5 a6 4. Ba4 Nf6 5. d4 exd4 6. 0-0 Be7 7. e5 Nd5 8. Bb3 Nb6 9. Nxd4 Nxe5 10. f4 Ng6 11. Re1 d6 12. Qh5 0-0 1/2-1/2

[Event "SVK-ch U18"]
[Site "Liptovsky Mikulas"]
[Date "2007.04.23"]
[Round "3"]
[White "Justus, Ivan"]
[Black "Sremanak, Slavomir"]
[Result "1-0"]
[WhiteElo "2017"]
[BlackElo "2209"]
[PlyCount "89"]
[EventDate "2007.04.22"]
[EventType "swiss"]
[EventRounds "9"]
[EventCountry "SVK"]
[SourceTitle "EXT 2008"]
[Source "ChessBase"]
[SourceDate "2007.11.25"]
[SourceVersion "1"]
[SourceVersionDate "2007.11.25"]
[SourceQuality "1"]

1. e4 c5 2. Nf3 Nc6 3. d4 cxd4 4. Nxd4 g6 5. Nc3 Bg7 6. Be3 Qa5 7. Qd2 Nf6 8. f3 d6 9. 0-0-0 Bd7 10. Nb3 Qc7 11. Nb5 Qb8 12. Bh6 0-0 13. h4 a6 14. N5d4 Nxd4 15. Nxd4 Qc7 16. h5 Rac8 17. Bd3 e5 18. Nf5 Bxf5 19. exf5 e4 20. fxe4 Bxh6 21. Qxh6 Ng4 22. Qd2 Ne5 23. Kb1 Qe7 24. Rdf1 gxf5 25. exf5 f6 26. Rh4 d5 27. Be2 Qc5 28. Rd4 Rfd8 29. Rc1 Nc6 30. Rg4+ Kh8 31. Rf4 Rc7 32. h6 Qf8 33. Rh4 Re7 34. Bd3 Ne5 35. a3 d4 36. Be2 Red7 37. Bd3 Rd6 38. Rd1 Qg8 39. Qe2 b5 40. b3 R8d7 41. Re4 Qg5 42. Rxe5 Qxh6 43. Re8+ Kg7 44. Re1 Qh4 45. Re7+ 1-0

[Event "SVK-chT2B 0607"]
[Site "Slovakia"]
[Date "2006.11.26"]
[Round "4.2"]
[White "Justus, Ivan"]
[Black "Horvath, Marian"]
[Result "1-0"]
[WhiteElo "1989"]
[BlackElo "2063"]
[PlyCount "67"]
[EventDate "2006.10.14"]
[EventType "team-tourn"]
[EventRounds "11"]
[EventCountry "SVK"]
[SourceTitle "EXT 2008"]
[Source "ChessBase"]
[SourceDate "2007.11.25"]
[SourceVersion "1"]
[SourceVersionDate "2007.11.25"]
[SourceQuality "1"]
[WhiteTeam "Topolcany"]
[BlackTeam "Topolcianky"]
[WhiteTeamCountry "SVK"]
[BlackTeamCountry "SVK"]

1. e4 g6 2. d4 Bg7 3. Nc3 c6 4. Be3 d5 5. e5 Qb6 6. Qc1 h5 7. Be2 Nh6 8. Nf3 Nf5 9. 0-0 Nd7 10. Rb1 a5 11. Na4 Qa7 12. Bd3 Nf8 13. b3 Nxe3 14. Qxe3 Bh6 15. Qe2 Bg4 16. c4 Ne6 17. cxd5 cxd5 18. Bb5+ Kf8 19. h3 Nxd4 20. Qd3 Nxf3+ 21. gxf3 Bxh3 22. Qxd5 Be6 23. Qe4 Rd8 24. Rbd1 Kg7 25. Bc4 Bf5 26. Qh4 b6 27. Nc3 Qc7 28. Nd5 Qb7 29. Kg2 g5 30. Qxh5 b5 31. Ne3 Bg6 32. Nf5+ Kg8 33. Rxd8+ Bf8 34. Qxg6# 1-0

[Event "Tatry op"]
[Site "Tatranske Zruby"]
[Date "2006.09.29"]
[Round "8"]
[White "Justus, Ivan"]
[Black "Durka, Jan"]
[Result "1-0"]
[WhiteElo "1989"]
[BlackElo "2103"]
[PlyCount "49"]
[EventDate "2006.09.23"]
[EventType "swiss"]
[EventRounds "9"]
[EventCountry "SVK"]
[SourceTitle "CBM 114 Extra"]
[Source "ChessBase"]
[SourceDate "2006.11.03"]
[SourceVersion "1"]
[SourceVersionDate "2006.11.03"]
[SourceQuality "1"]

1. e4 g6 2. d4 Nf6 3. Nc3 d6 4. f3 Bg7 5. Be3 c6 6. Qd2 h6 7. Nge2 Nbd7 8. Nc1 a6 9. a4 Qc7 10. Be2 Rb8 11. a5 e5 12. Nb3 exd4 13. Nxd4 Ne5 14. 0-0 c5 15. Nb3 Be6 16. h3 Nc4 17. Bxc4 Bxc4 18. Rfe1 Bf8 19. Bf4 Nh5 20. Nd5 Bxd5 21. exd5+ Kd7 22. Qe3 Nxf4 23. Qxf4 Rh7 24. Qa4+ b5 25. axb6+ 1-0

[Event "Tatry op"]
[Site "Tatranske Zruby"]
[Date "2006.09.27"]
[Round "6"]
[White "Justus, Ivan"]
[Black "Malecek, Jiri"]
[Result "1-0"]
[WhiteElo "1989"]
[BlackElo "2155"]
[PlyCount "87"]
[EventDate "2006.09.23"]
[EventType "swiss"]
[EventRounds "9"]
[EventCountry "SVK"]
[SourceTitle "CBM 114 Extra"]
[Source "ChessBase"]
[SourceDate "2006.11.03"]
[SourceVersion "1"]
[SourceVersionDate "2006.11.03"]
[SourceQuality "1"]

1. e4 Nf6 2. e5 Nd5 3. d4 d6 4. c4 Nb6 5. exd6 cxd6 6. Nf3 g6 7. h3 Bg7 8. Nc3 0-0 9. Be2 N6d7 10. Bg5 h6 11. Bh4 Nf6 12. Qd2 Kh7 13. Bd3 Nc6 14. 0-0 Qa5 15. a3 a6 16. Rfe1 Ng8 17. d5 Ne5 18. Nxe5 Bxe5 19. b4 Qc7 20. Rac1 f5 21. f4 Bg7 22. Bf2 Re8 23. Ne2 e5 24. dxe6 Bxe6 25. c5 Rad8 26. Nd4 Bf7 27. c6 Rxe1+ 28. Qxe1 bxc6 29. Rxc6 Qb7 30. Bxa6 Qd7 31. Qc3 Nf6 32. Rc7 Qe8 33. Bb5 Qf8 34. Bc6 Rc8 35. Bb7 Rb8 36. b5 Ne8 37. b6 d5 38. Qc6 Nd6 39. Qd7 Rxb7 40. Rxb7 Nxb7 41. Qxb7 Qxa3 42. Qxf7 Qc1+ 43. Kh2 Qxf4+ 44. Bg3 1-0